000 00591nam a2200193Ia 4500
001 14222
003 GE_BSU
008 181216s||||||||xx |||||||||||||| ||und||
020 _a1841641650
040 _cGE_BSU
080 _a61
100 _aLawless,Julia
245 4 _aThe illustrated encyclopedia of essential oils. The Complete Guide to the Use of Oils in Aromatherapy & Herbalism.
260 _c1995
300 _a256p.ill.23cm.
653 _aThe Complete Guide to the Use of Oils in Aromatherapy & Herbalism
653 _aThe illustrated encyclopedia of essential iols
942 _cBK
999 _c47361
_d47361